Scope of total architecture

Đã lưu trong:
書目詳細資料
主要作者: Walter Gropius
格式: 圖書
語言:Undetermined
出版: New York Collier Books 1943
主題:
標簽: 添加標簽
沒有標簽, 成為第一個標記此記錄!
Thư viện lưu trữ: Trung tâm Học liệu Trường Đại học Cần Thơ
LEADER 00474nam a2200181Ia 4500
001 CTU_9516
008 210402s9999 xx 000 0 und d
082 |a 720 
082 |b G877 
100 |a Walter Gropius 
245 0 |a Scope of total architecture 
245 0 |c Walter Gropius 
260 |a New York 
260 |b Collier Books 
260 |c 1943 
650 |a architecture,buildings 
904 |i Minh, 960928 
980 |a Trung tâm Học liệu Trường Đại học Cần Thơ